Cantiche e Tragedie scelte / (Record no. 161644)

MARC details
000 -LEADER
campo de control de longitud fija 00746nam a2200217 i 4500
001 - NÚMERO DE CONTROL
campo de control 161644
003 - IDENTIFICADOR DE NÚMERO DE CONTROL
campo de control ES-MaACL
005 - FECHA Y HORA DE LA ÚLTIMA TRANSACCIÓN
campo de control 20251005063126.0
008 - DATOS DE LONGITUD FIJA--INFORMACIÓN GENERAL
campo de control de longitud fija 931025s1880 it |||| | ita d
100 1# - ENTRADA PRINCIPAL--NOMBRE DE PERSONA
Nombre de persona Pellico, Silvio,
Fechas asociadas al nombre 1789-1854
9 (RLIN) 130947
245 10 - MENCIÓN DEL TÍTULO
Título Cantiche e Tragedie scelte /
Mención de responsabilidad, etc. Silvio Pellico ; con prefazione [de Francesco Costèro].
250 ## - MENCION DE EDICION
Mención de edición Ed. stereotipe.
260 ## - PUBLICACIÓN, DISTRIBUCIÓN, ETC.
Lugar de publicación, distribución, etc. Milano :
Nombre del editor, distribuidor, etc. Edoardo Sonzogno,
Fecha de publicación, distribución, etc. 1880.
300 ## - DESCRIPCIÓN FÍSICA
Extensión 364 p. ;
Dimensiones 19 cm.
490 1# - MENCIÓN DE SERIE
Mención de serie Biblioteca Classica Económica ;
Designación de volumen o secuencia 70
700 1# - ENTRADA AGREGADA--NOMBRE PERSONAL
Nombre de persona Costèro, Francesco,
Fechas asociadas al nombre 1818-1881
9 (RLIN) 41149
740 0# - ENTRADA AGREGADA--TÍTULO RELACIONADO/ANALÍTICO NO CONTROLADO
Título relacionado o analítico no controlado Tragedie scelte.
830 00 - PUNTO DE ACCESO ADICIONAL DE SERIE-TÍTULO UNIFORME
Título uniforme Biblioteca classica economica
Designación de volumen o secuencia 70
9 (RLIN) 182054
852 ## - LOCALIZACIÓN
Ubicación ES-MaACL
Número de control de estantería F-10620(2)
Nota libre -- Enc. hol.
Holdings
Estatus retirado Estado de pérdida Estado de daño No para préstamo Colección Biblioteca de origen Biblioteca actual Ubicación en estantería Fecha de adquisición Fuente de adquisición Total de préstamos Signatura topográfica completa Código de barras Visto por última vez Precio de reemplazo Tipo de ítem Koha
        Libros del s. XIX Biblioteca del Ateneo de Madrid Biblioteca del Ateneo de Madrid Sala Pecera Planta 2 17/01/2008     F-10620(2) 1169323 23/02/2023 23/02/2023 Libro impreso antiguo